00806nam a22002297a 4500003000400000005001700004008004100021020001800062040003200080092002600112100002800138245006800166260003100234300001700265440007300282650002900355650001700384650001200401942001500413999001700428952013100445OSt20191107075029.0191107b xxu||||| |||| 00| 0 spa d a950-9113-46-8 cBiblioteca Ernesto Sábato a001.539bW314reBLYNK 4Watzlawick, Paul, comp. aLa realidad inventada.b ¿Cómo sabemos lo que creemos saber? aBuenos AiresbGedisac1989 a278 p. : il. aEl mamífero parlante. Ciencias de la comunicación y sociología aTEORIA DE LA INFORMACION aCONOCIMIENTO a/BLYNK/ 2ddccBLYNK c34269d34269 00102ddc4070aAR-FADEUbAR-FADEUcBLYNKd2019-11-07i24918l0o001.539 W314rp24918r2019-11-07 00:00:00w2019-11-07yBLYNK